000 00624nam a2200217 a 4500
999 _c3406
_d3406
001 3406
003 BD-JhCC
005 20171113183402.0
008 171113s1977 bg ||||| |||| 00| 0 ben d
035 _a(BD-JhCC)3406
040 _aBD-JhCC
_dBD-JhCC
041 _aben
082 _a891.4435
_bHOS 1977
100 _aহোসেন, মনওয়ার
245 _aলাল সবুজের মালা /
_cমনওয়ার হোসেন
260 _aঢাকা :
_bমুক্তধারা,
_c1977.
300 _a68. p. :
_c21 cm.
650 _aBengali Stories
942 _2ddc
_cBK